000
00241 a2200109 4500
001
63388
082
_a
973 GAL
090
_c
37439
_d
37439
100
_a
Gallery Books
245
_a
West (Images of America)
_h
English
260
_b
Gallery Books
942
_a
CAE NUST
_k
973 GAL
999
_c
298461
_d
298461